000 00472cam a2200181ua 4500
001 12075
008 200218n ii |||gr||||Z||||||eng
020 _a9789385756320
040 _cMAIN
082 _a305.4
100 _aRobin Hissang Tadung,
_eAuthor.
245 _aFeminism :
_bTheory and practice /
_cBy Robin Hissang Tadung .
250 _a1st ed.
260 _aMeerut:
_bBalaji publications,
_c2019.
300 _a288p.
653 _aSocial groups
942 _cBK
999 _c10852
_d10852